000 00829 a2200217 4500
003 Nust
005 20170207153156.0
010 _a 83071977
020 _a0826915507 (pbk.)
040 _cNust
082 0 0 _a621.31924
100 1 _aGebert, Kenneth L.
245 1 0 _aBlueprint reading :
_bbased on the 1984 national electrical code /
_cKenneth L. Gebert.
250 _a9th ed.
260 _aAlsip, Ill. :
_bAmerican Technical Publishers,
_cc1983.
300 _a192 p. :
_bill. ;
_c29 cm.
505 _aSingle Family Dwellings (Page-1), Multi Family Dwellings (Page-43), Commercial Locations (Page-69), Industrial Locations (Page-103), Specialized and Hazardous Locations (Page-141),
538 _aAlmirah No.31 Shelf No.4
650 0 _aElectric wiring
_xCharts, diagrams, etc.
650 0 _aElectric wiring
_xInsurance requirements.
942 _2ddc
_cBK
999 _c180783
_d180783